000 00198nam a2200085Ia 4500
008 120527s9999 xx 000 0 und d
100 _aGIBBON, David
245 _aMulti-purpose tools bars
942 _cBK
999 _c25184
_d25184